Remarks on colour
Guardat en:
| Autors principals: | , |
|---|---|
| Format: | Llibre |
| Idioma: | anglès alemany |
| Publicat: |
Berkeley
University of California
1977
|
| Matèries: | |
| Etiquetes: |
Afegir etiqueta
Sense etiquetes, Sigues el primer a etiquetar aquest registre!
|
MARC
| LEADER | 00000nam a2200000 a 4500 | ||
|---|---|---|---|
| 001 | UCV8381 | ||
| 003 | CL-VaPUC | ||
| 008 | 910509e19770000US |||||||||||||||||eng|d | ||
| 020 | |a 0520037278 | ||
| 041 | 0 | 7 | |a eng |2 CL-VaPUC |
| 041 | 0 | 7 | |a ger |2 CL-VaPUC |
| 082 | 0 | 4 | |a 535.6 |b WIT |2 21 |
| 100 | 0 | |a Wittgenstein, Ludwig |e author |9 257080 | |
| 700 | 0 | |a Anscombe, Gertrude Elizabeth Margaret |e author |9 302450 | |
| 245 | 1 | 0 | |a Remarks on colour |
| 246 | 1 | 0 | |a Bemerkungen über die Farben |
| 300 | |a 63 p | ||
| 942 | |c BK | ||
| 945 | |d 19910509 00:00:00 | ||
| 260 | |a Berkeley |b University of California |c 1977 | ||
| 650 | 0 | |a Color |9 265507 | |
| 583 | |a last modification |c 19910509 00:00:00 |k Rodrigo Vera | ||
| 999 | |c 213910 |d 213908 | ||
| 952 | |0 0 |1 0 |4 0 |6 535_600000000000000_WIT_1977 |7 0 |8 P |9 196772 |a BIBARQ |b BIBARQ |d 2019-11-14 |i 2645742 |o 535.6 WIT 1977 |p 2645742 |r 2025-01-20 |w 2019-11-14 |y BK |k ARQ | ||